| 000 | 01181nam a22002177a 4500 | ||
|---|---|---|---|
| 999 |
_c10045 _d10045 |
||
| 003 | AR-CdUCM | ||
| 008 | 190329b ||||| |||| 00| 0 spa d | ||
| 040 |
_aMUNICIPALIDAD PROVINCIAL DEL CUSCO _cBIBLIOTECA MUNICIPAL DEL CUSCO |
||
| 082 |
_a985 / _bV21 / 1944 |
||
| 100 |
_aValega, J. M. _924316 |
||
| 245 |
_aHistoria de la Cultura : _bpara el 5° año de media conforme al programa oficial de 1944 / |
||
| 260 |
_aLima : _bD. Miranda, _c1944. |
||
| 300 |
_a2 partes ; _bcuadros sinópticos, _c16 cm. |
||
| 505 | _aContenido: p.1: Formación histórica de Perú y de América -- Elementos culturales comunes en América precolombina -- Características generales del Perú pre-colombino ... -- p.2: La formación de las colonias Inglesas del Norte de América -- Trascendencia de la revolución Americana -- Significado de la emancipación en la historia Peruana y Americana -- La adopción del sistema republicano de gobierno en América -- elementos étnicos y culturales de las épocas prehispánica, colonial ... | ||
| 650 |
_aHistoria _9136 |
||
| 650 |
_aAmérica _91348 |
||
| 650 |
_aPerú _935 |
||
| 650 |
_aPrehispánica _926672 |
||
| 942 |
_2ddc _cLIBROS |
||
| 945 | _aachl | ||